000 00620nam a2200193 a 4500
001 000048428
005 20201002061139.0
008 190315s2017 dr 000 0 spa d
020 _a9789993445241
040 _aDO-SdBNP
_bspa
_cBNPHU
082 _axx
_bxx
100 1 _aGarcía Molina, Bartolo
_96
245 1 0 _aLectura y construcción de conocimiento /
_cBartolo García Molina,.
260 _aSanto Domingo :
_bSurco,
_c2017.
300 _a173 p. : ;
_c24 cm.
500 _aIncluye datos biográficos del autor en la solapa de la cubierta
504 _aBibliografía : p. 167-173
590 _aInventariado, 2019/VM
999 _c47916
_d47916